Walter Benjamin ; Bertol Bretch ; Hermann Broch ; Rosa Luxemburgo / (Record no. 26032)

MARC details
000 -LEADER
campo de control de longitud fija 00856nam a2200241 i 4500
001 - NÚMERO DE CONTROL
campo de control 26032
003 - IDENTIFICADOR DE NÚMERO DE CONTROL
campo de control ES-MaACL
005 - FECHA Y HORA DE LA ÚLTIMA TRANSACCIÓN
campo de control 20260115063025.0
007 - CAMPO FIJO DE DESCRIPCIÓN FÍSICA--INFORMACIÓN GENERAL
campo de control de longitud fija t|
008 - DATOS DE LONGITUD FIJA--INFORMACIÓN GENERAL
campo de control de longitud fija 030107s1971 sp ||||1| spa d
100 1# - ENTRADA PRINCIPAL--NOMBRE DE PERSONA
Nombre de persona Arendt, Hannah,
Fechas asociadas al nombre 1906-1975
9 (RLIN) 242687
245 10 - MENCIÓN DEL TÍTULO
Título Walter Benjamin ; Bertol Bretch ; Hermann Broch ; Rosa Luxemburgo /
Mención de responsabilidad, etc. Hannah Arendt ; [traducción Luis Izquierdo, José Cano Tembleque].
260 ## - PUBLICACIÓN, DISTRIBUCIÓN, ETC.
Lugar de publicación, distribución, etc. Barcelona :
Nombre del editor, distribuidor, etc. Anagrama,
Fecha de publicación, distribución, etc. [1971]
300 ## - DESCRIPCIÓN FÍSICA
Extensión 198 p. ;
Dimensiones 19 cm.
600 14 - PUNTO DE ACCESO ADICIONAL DE MATERIA--NOMBRE DE PERSONA
Nombre de persona Benjamin, Walter,
Fechas asociadas al nombre 1892-1940
9 (RLIN) 241507
600 14 - PUNTO DE ACCESO ADICIONAL DE MATERIA--NOMBRE DE PERSONA
Nombre de persona Brecht, Bertolt,
Fechas asociadas al nombre 1898-1956
9 (RLIN) 31544
600 14 - PUNTO DE ACCESO ADICIONAL DE MATERIA--NOMBRE DE PERSONA
Nombre de persona Broch, Hermann,
Fechas asociadas al nombre 1886-1951
9 (RLIN) 31828
600 14 - PUNTO DE ACCESO ADICIONAL DE MATERIA--NOMBRE DE PERSONA
Nombre de persona Luxemburg, Rosa,
Fechas asociadas al nombre 1870-1919
9 (RLIN) 74894
700 1# - ENTRADA AGREGADA--NOMBRE PERSONAL
Nombre de persona Izquierdo, Luis.
9 (RLIN) 65710
700 1# - ENTRADA AGREGADA--NOMBRE PERSONAL
Nombre de persona Cano Tembleque, José.
9 (RLIN) 34572
852 ## - LOCALIZACIÓN
Ubicación ES-MaACL
Número de control de estantería C-45323
Sublocalización o colección R.79334
Holdings
Estatus retirado Estado de pérdida Estado de daño No para préstamo Biblioteca de origen Biblioteca actual Ubicación en estantería Fecha de adquisición Fuente de adquisición Total de préstamos Signatura topográfica completa Código de barras Visto por última vez Precio de reemplazo Tipo de ítem Koha
        Biblioteca del Ateneo de Madrid Biblioteca del Ateneo de Madrid Depósito 2 17/01/2008     C-45323 1026865 23/02/2023 23/02/2023 Libro impreso